Credit Reversals /

This paper studies episodes in which aggregate bank credit contracts alongside expanding economic activity-credit reversals. Using data for 179 countries during 1960-2017, the paper finds that reversals are a relatively common phenomenon--on average, they occur every five years. By comparison, banki...

Πλήρης περιγραφή

Λεπτομέρειες βιβλιογραφικής εγγραφής
Κύριος συγγραφέας: Vazquez, Francisco
Μορφή: Επιστημονικό περιοδικό
Γλώσσα:English
Έκδοση: Washington, D.C. : International Monetary Fund, 2021.
Σειρά:IMF Working Papers; Working Paper ; No. 2021/103
Θέματα:
Διαθέσιμο Online:Full text available on IMF
LEADER 01962cas a2200301 a 4500
001 AALejournalIMF021745
008 230101c9999 xx r poo 0 0eng d
020 |c 5.00 USD 
020 |z 9781513582641 
022 |a 1018-5941 
040 |a BD-DhAAL  |c BD-DhAAL 
100 1 |a Vazquez, Francisco. 
245 1 0 |a Credit Reversals /  |c Francisco Vazquez. 
264 1 |a Washington, D.C. :  |b International Monetary Fund,  |c 2021. 
300 |a 1 online resource (34 pages) 
490 1 |a IMF Working Papers 
500 |a <strong>Off-Campus Access:</strong> No User ID or Password Required 
500 |a <strong>On-Campus Access:</strong> No User ID or Password Required 
506 |a Electronic access restricted to authorized BRAC University faculty, staff and students 
520 3 |a This paper studies episodes in which aggregate bank credit contracts alongside expanding economic activity-credit reversals. Using data for 179 countries during 1960-2017, the paper finds that reversals are a relatively common phenomenon--on average, they occur every five years. By comparison, banking crises take place every eight years on average. Credit reversals and banking crises also appear related to each other: reversals become more likely in the aftermath of banking crises, while the likelihood of crises drops following reversals. In terms of foregone economic activity, reversals are shown to be very costly, at about two-thirds of the costs of banking crises after taking into account their relative frequencies. 
538 |a Mode of access: Internet 
650 7 |a Financial Crises  |2 imf 
650 7 |a Foreign Exchange  |2 imf 
650 7 |a Informal Economy  |2 imf 
650 7 |a Monetary Policy, Central Banking, and The Supply Of Money  |2 imf 
650 7 |a Underground Econom  |2 imf 
830 0 |a IMF Working Papers; Working Paper ;  |v No. 2021/103 
856 4 0 |z Full text available on IMF  |u http://elibrary.imf.org/view/journals/001/2021/103/001.2021.issue-103-en.xml  |z IMF e-Library